|
|
|
|
| LEADER |
00591cam a2200181ua 4500 |
| 008 |
120920t1995||||||||||| 00 ||hin c |
| 041 |
0 |
|
|a hin
|
| 082 |
|
|
|a H 891.434
|b CHA/S
|
| 245 |
1 |
0 |
|a Samakaleen hindi sahitya: vividh paridrishya /
|
| 260 |
|
|
|a New Delhi:
|b Radhakrishna,
|c 1995.
|
| 300 |
|
|
|a 247p..
|
| 362 |
1 |
|
|a 1995.
|
| 650 |
|
|
|a Hindi essays
|
| 650 |
0 |
|
|a Hindi literature
|
| 700 |
0 |
2 |
|a Chaturvedi,, Ram Swaroop
|
| 942 |
|
|
|c BK
|
| 999 |
|
|
|c 27614
|d 27614
|
| 952 |
|
|
|0 0
|1 0
|4 0
|6 H_891_434000000000000_CHA
|7 0
|9 29382
|a KUCL
|b KUCL
|d 2014-05-23
|l 3
|o H 891.434 CHA/
|p 29641
|r 2020-01-31
|s 2019-12-31
|w 2014-05-23
|y BK
|